=LDR 00000nam 2200000 4500 =001 INLIS000000000002434 =005 20130612090754 =008 ***********************************Ind** =035 ##$$0010-061300000002434 =041 ##$$a Ind =082 ##$$a 616.991 =090 ##$$a 616.991, Wah d =100 ##$$a Wahab,A.Samik =245 ##$$a Demam reumatik dan kelainan jantung reumatik pada anak, Samik A.Wahab =260 ##$$a 1983 $b Jakarta =300 ##$$a vi, 93 hlm, 20 cm =650 ##$$a Reumatik =850 ##$$a NBPNMAT